Моделирование процесса разделения нефтяной эмульсии; Химия и химическая технология в XXI веке; Т. 2

Bibliografski detalji
Parent link:Химия и химическая технология в XXI веке: материалы XXIV Международной научно-практической конференции студентов и молодых ученых имени выдающихся химиков Л. П. Кулёва и Н. М. Кижнера, посвященной 85-летию со дня рождения профессора А. В. Кравцова, Томск, 15-19 мая 2023 г./ Национальный исследовательский Томский политехнический университет (ТПУ) ; Инженерная школа природных ресурсов ; Инженерная школа новых производственных технологий ; Исследовательская школа химических и биомедицинских технологий ; Инженерная школа ядерных технологий.— , 2023
Т. 2.— 2023.— [С. 70-71]
Glavni autor: Котельников А. Александр
Autor kompanije: Национальный исследовательский Томский политехнический университет Инженерная школа природных ресурсов Отделение химической инженерии
Daljnji autori: Богданов И. А. Илья Александрович (научный руководитель)
Sažetak:Заглавие с титульного экрана
Jezik:ruski
Izdano: 2023
Serija:Технология и моделирование процессов подготовки и переработки углеводородного сырья
Teme:
Online pristup:http://earchive.tpu.ru/handle/11683/76843
Format: Elektronički Poglavlje knjige
KOHA link:https://koha.lib.tpu.ru/cgi-bin/koha/opac-detail.pl?biblionumber=635938

MARC

LEADER 00000naa2a2200000 4500
001 635938
005 20231101133903.0
035 |a (RuTPU)RU\TPU\conf\37795 
035 |a RU\TPU\conf\37792 
090 |a 635938 
100 |a 20230622d2023 k y0rusy50 ca 
101 0 |a rus 
102 |a RU 
105 |a y z 101zy 
135 |a drgn ---uucaa 
181 0 |a i  
182 0 |a b 
200 1 |a Моделирование процесса разделения нефтяной эмульсии  |f А. Котельников  |g науч. рук. И. А. Богданов 
203 |a Текст  |c электронный 
225 1 |a Технология и моделирование процессов подготовки и переработки углеводородного сырья 
230 |a 1 компьютерный файл (pdf; 1 545 Kb) 
300 |a Заглавие с титульного экрана 
320 |a [Библиогр.: с. 71 (2 назв.)] 
461 1 |0 (RuTPU)RU\TPU\conf\37590  |t Химия и химическая технология в XXI веке  |o материалы XXIV Международной научно-практической конференции студентов и молодых ученых имени выдающихся химиков Л. П. Кулёва и Н. М. Кижнера, посвященной 85-летию со дня рождения профессора А. В. Кравцова, Томск, 15-19 мая 2023 г.  |o в 2 т.  |f Национальный исследовательский Томский политехнический университет (ТПУ) ; Инженерная школа природных ресурсов ; Инженерная школа новых производственных технологий ; Исследовательская школа химических и биомедицинских технологий ; Инженерная школа ядерных технологий  |d 2023 
463 1 |0 (RuTPU)RU\TPU\conf\37592  |t Т. 2  |v [С. 70-71]  |d 2023 
610 1 |a труды учёных ТПУ 
610 1 |a электронный ресурс 
610 1 |a моделирование процесса 
610 1 |a разъедание 
610 1 |a нефтяные эмульсии 
610 1 |a математическое моделирование 
610 1 |a капли 
700 1 |a Котельников  |b А.  |c химик-технолог  |c инженер Томского политехнического университета  |f 1999-  |g Александр  |2 stltpush  |3 (RuTPU)RU\TPU\pers\47607 
702 1 |a Богданов  |b И. А.  |c химик  |c инженер-исследователь Томского политехнического университета  |f 1994-  |g Илья Александрович  |2 stltpush  |4 727 
712 0 2 |a Национальный исследовательский Томский политехнический университет  |b Инженерная школа природных ресурсов  |b Отделение химической инженерии  |h 8085  |2 stltpush  |3 (RuTPU)RU\TPU\col\23513 
801 2 |a RU  |b 63413507  |c 20230801  |g RCR 
856 4 |u http://earchive.tpu.ru/handle/11683/76843 
942 |c BK